Cách mạng tháng tám những giờ phút lịch sử

Hướng tới kỷ niệm 70 năm Cách mạng Tháng Tám thành công (1945-2015), Nhà xuất bản Thanh Niên đã tái bản quyển sách “Cách mạng Tháng Tám - Những giờ phút lịch sử” nhằm cung cấp những tư liệu quý báu giúp cho bạn đọc có cái nhìn hoàn thiện về...

Полное описание

Сохранить в:
Библиографические подробности
Главный автор: Đinh, Xuân Lâm
Формат:
Язык:Undetermined
Опубликовано: Hà Nội Thanh niên 2015
Предметы:
Метки: Добавить метку
Нет меток, Требуется 1-ая метка записи!
Thư viện lưu trữ: Trung tâm Học liệu Trường Đại học Cần Thơ
LEADER 01102nam a2200229Ia 4500
001 CTU_202264
008 210402s9999 xx 000 0 und d
020 |c 75000 
082 |a 959.704 
082 |b L120 
100 |a Đinh, Xuân Lâm 
245 0 |a Cách mạng tháng tám những giờ phút lịch sử 
245 0 |c Đinh Xuân Lâm, Nguyễn Văn Khoan (Chủ biên) 
260 |a Hà Nội 
260 |b Thanh niên 
260 |c 2015 
520 |a Hướng tới kỷ niệm 70 năm Cách mạng Tháng Tám thành công (1945-2015), Nhà xuất bản Thanh Niên đã tái bản quyển sách “Cách mạng Tháng Tám - Những giờ phút lịch sử” nhằm cung cấp những tư liệu quý báu giúp cho bạn đọc có cái nhìn hoàn thiện về cuộc cách mạng vĩ đại của dân tộc ta 
650 |a Vietnam 
650 |x Việt Nam,Lịch sử,History 
650 |y 1945-1975,1945-1975 
904 |i Tuyến 
980 |a Trung tâm Học liệu Trường Đại học Cần Thơ